[Event "RSA-chT U10"]
[Site "Cape Town"]
[Date "2016.01.06"]
[Round "5.7"]
[White "Engelbrecht, Ewald"]
[Black "Cohen, Nicolaas"]
[Result "0-1"]
[WhiteElo "846"]
[BlackElo "680"]
[PlyCount "36"]
[EventDate "2016.01.04"]
[EventType "team-tourn"]
[EventRounds "7"]
[EventCountry "RSA"]
[SourceTitle "CBM 170 Extra"]
[Source "ChessBase"]
[SourceDate "2016.02.25"]
[SourceVersion "1"]
[SourceVersionDate "2016.02.25"]
[SourceQuality "1"]
[WhiteTeam "Johannesburg Metro"]
[BlackTeam "Bojanala Platina"]
[WhiteTeamCountry "RSA"]
[BlackTeamCountry "RSA"]

1. e4 e5 2. Nf3 Nc6 3. Nc3 Nf6 4. Bc4 Qe7 5. d3 Ng4 6. Bg5 Qc5 7. 0-0 f6 8. Bh4 Qb4 9. Rb1 Qd6 10. h3 h5 11. hxg4 hxg4 12. Nd2 Rxh4 13. Qe2 f5 14. Qe3 f4 15. Qe1 Rh8 16. Qe2 Qh6 17. Nf3 gxf3 18. Qxf3 Qh1# 0-1

[Event "RSA-chT U10"]
[Site "Cape Town"]
[Date "2016.01.04"]
[Round "1.7"]
[White "Bruintjies, Hailey Carla"]
[Black "Engelbrecht, Ewald"]
[Result "1-0"]
[WhiteElo "840"]
[BlackElo "846"]
[PlyCount "26"]
[EventDate "2016.01.04"]
[EventType "team-tourn"]
[EventRounds "7"]
[EventCountry "RSA"]
[SourceTitle "CBM 170 Extra"]
[Source "ChessBase"]
[SourceDate "2016.02.25"]
[SourceVersion "1"]
[SourceVersionDate "2016.02.25"]
[SourceQuality "1"]
[WhiteTeam "Nelson Mandela Bay"]
[BlackTeam "Johannesburg Metro"]
[WhiteTeamCountry "RSA"]
[BlackTeamCountry "RSA"]

1. e4 e5 2. Nf3 Nc6 3. Bc4 Nf6 4. Nc3 Bc5 5. Ng5 0-0 6. 0-0 d6 7. d3 Bg4 8. Qe1 Nd4 9. Nxf7 Qd7 10. Nxd6+ Qf7 11. Bxf7+ Kh8 12. Rb1 Nxc2 13. Qd2 Nd4 1-0